| 000 | 00544cam a2200205ua 4500 | ||
|---|---|---|---|
| 020 | _a0-07-044844-2 | ||
| 041 |
_aeng _h |
||
| 082 |
_a660.2842 _bMCC/UN |
||
| 100 | _aMcCabe, Warren L . | ||
| 245 |
_aUnit operations of chemical engineering / _cWarren L McCabe. _hTextual Documents |
||
| 250 |
_a5 / _b. |
||
| 260 |
_aNew York : _bMcGraw Hill Book Company , _c1993. |
||
| 300 | _a1130 ; . | ||
| 504 | _a | ||
| 700 | 1 | _aHarriott, Peter . | |
| 700 | 1 | _aSmith , Julian C . | |
| 942 | _cBK | ||
| 999 |
_c6685 _d6685 |
||